Chuyện hay thực vật
Đã lưu trong:
| Tác giả chính: | |
|---|---|
| Tác giả khác: | |
| Định dạng: | Sách |
| Ngôn ngữ: | Vietnamese |
| Được phát hành: |
TP HCM
Trẻ
2000
|
| Những chủ đề: | |
| Các nhãn: |
Thêm thẻ
Không có thẻ, Là người đầu tiên thẻ bản ghi này!
|
| Thư viện lưu trữ: | Mạng thư viện Đại học Đà Nẵng |
|---|
| LEADER | 00967nam a2200313 4500 | ||
|---|---|---|---|
| 001 | 000013542 | ||
| 003 | 9884 | ||
| 005 | 20120316140309.0 | ||
| 008 | 120316s2000 viesd | ||
| 020 | |c 50000đ | ||
| 041 | 0 | |a vie | |
| 082 | |a 580 |b HO-D | ||
| 100 | 0 | |a Hoàng, Kiến Dân | |
| 245 | 0 | |a Chuyện hay thực vật |c Hoàng Kiến Dân, Trường Phong | |
| 260 | |a TP HCM |b Trẻ |c 2000 | ||
| 300 | |a 385 tr. |c 19 cm | ||
| 653 | |a thực vật | ||
| 653 | |a Chuyện hay | ||
| 700 | |a Võ Mai Lý |e Dịch | ||
| OWN | |a LSP | ||
| AVA | |a UDN50 |b LSP |d 580 HO-D |e available |t Error 5001 Not defined in file expand_doc_bib_avail. |f 2 |g 0 |h N |i 0 |k 1 | ||
| 999 | |a From the UDN01 | ||
| AVA | |a UDN50 |b LSP |d 580 HO-D |e available |t Error 5001 Not defined in file expand_doc_bib_avail. |f 2 |g 0 |h N |i 0 |k 1 | ||
| TYP | |a Monograph | ||
| TYP | |a Printed language | ||
| 980 | |a Mạng thư viện Đại học Đà Nẵng | ||